| 000 | 00537nam a2200169 i 4500 | ||
|---|---|---|---|
| 001 | 147363 | ||
| 003 | ES-MaACL | ||
| 005 | 20230906201941.0 | ||
| 007 | t| | ||
| 008 | 070928q1963 sp ||||1| spa d | ||
| 100 | 1 |
_aUdina i Martorell, Frederic ( _d1914-2011) _9111869 |
|
| 245 | 1 | 0 |
_aBarcelona, dos mil años de historia / _cFrederic Udina Martorell, José M. Garrut. |
| 260 |
_aBarcelona : _bAymá, _c[1963] |
||
| 300 |
_a412 p. : _bil. ; _c24 cm. |
||
| 700 | 1 |
_aGarrut, Josep María. _955789 |
|
| 852 |
_aES-MaACL _jC-26263 _bR.55318 |
||
| 999 |
_c147363 _d147363 |
||